000 02026nam a22003617a 4500
003 AR-RoUNA
005 20251022124257.0
008 251022b |||||||| |||| 00| 0 spa d
020 _a950-9840-43-2
040 _aAR-RoUNA
_bspa
_dAR-RoUNA
041 _aspa
044 _aag
110 2 _aUniversidal Nacional del Litoral.
_bFacultad de Arquitectura y Urbanismo
_927515
245 1 0 _aInventario
_b: 200 obras del patrimonio arquitectónico de Santa Fe.
_cdirección académica Carlos María Reinante; compilación Miriam Bessone; Silvia Bournissent y Adriana Collado; revisión y corrección de planimetrias Claudia Montoro; fotografías Guillermo Borghini y diseño de tapa y carátulas Hermes Golinsky.
260 _aSanta Fe (Argentina):
_bUniversidad Nacional del Litoral, Centro de Publicaciones,
_c1993.
300 _a430p. :
_bfot. byn.
_bplantas
_c25x23 cm.
520 3 _aFichaje de obras desde 1660 hasta 1960, realizados por alumnos de la Cátedra de Historia III. El Inventario del Patrimonio Arquitectónico Santafesino trasciende los planos del documento histórico que refleja los momentos principales de la construcción de una ciudad. Como registro fe una época, que abarca desde la ubicación definitiva de la ciudad en su actual emplazamiento, hasta 1960, el libro documenta los hechos físicos y su relación con las situaciones cruciales que configuraron, desde lo político y social, la imagen de Santa Fe.
650 4 _aHistoria
650 4 _aArquitectura
650 4 _aInventario urbano
651 4 _aSanta Fe (Argentina)
_962
700 1 _aReinante, Carlos María
_927517
_edrt
700 _918504
_aCollado, Adriana.
_ecom
700 1 _aBessone, Miriam.
_927518
_ecom
700 1 _aBournissent, Silvia.
_927519
_ecom
700 1 _aMontoro, Claudia.
_927520
_erevisión
700 1 _a Borghini, Guillermo.
_927521
700 1 _a Golinsky, Hermes.
_927522
908 _aImp
942 _2udc
_cLIB
945 _d2025-10-22
980 _65
_aMaría Machado
_85
_gMaría Machado
999 _c12187
_d12187